Muzea Narodowe w Polsce - Statystyki

Ogólne statystyki
  • Ten quiz został rozwiązany 26 razy
  • Średni wynik to 8 z 11
Statystyki odpowiedzi
Miasto, w którym znajduje się muzeum % Poprawnych
Gdańsk
100%
Gdańsk - Muzeum Morskie
100%
Kraków
94%
Poznań
94%
Warszawa
94%
Wrocław
94%
Lublin
89%
Szczecin
83%
Kielce
72%
Przemyśl
11%
Szreniawa
0%
Nie znaleziono quizów pasujących do podanych kryteriów
Rozkład punktacji
Procent ludzi z każdym wynikiem
Percentyl według liczby udzielonych odpowiedzi
Twoja historia wyników
Nie rozwiązałeś tego quizu